Analýza DPH medzery v krajinách EÚ
Identifikácia vplyvu podnikateľského prostredia a transparentnosti ekonomického rastu na výšku DPH medzery. Porovnanie vplyvu miery digitalizácie jednotlivých krajín na výšku takýchto špecifických daňových únikov.
Na minha lista:
| Autor principal: | |
|---|---|
| Formato: | Capítulo de Livro |
| Idioma: | eslovaco |
| Assuntos: | |
| Tags: |
Sem tags, seja o primeiro a adicionar uma tag!
|
MARC
| LEADER | 00000naa$a2200000$$$4500 | ||
|---|---|---|---|
| 001 | 0267221 | ||
| 005 | 20240502074209.3 | ||
| 041 | 0 | |a slo | |
| 044 | |a SK | ||
| 245 | 1 | 0 | |a Analýza DPH medzery v krajinách EÚ |c Paulína Kaselyová |
| 520 | |a Identifikácia vplyvu podnikateľského prostredia a transparentnosti ekonomického rastu na výšku DPH medzery. Porovnanie vplyvu miery digitalizácie jednotlivých krajín na výšku takýchto špecifických daňových únikov. | ||
| 610 | 2 | 0 | |a produkt domáci hrubý |
| 610 | 2 | 0 | |a financie verejné |
| 610 | 2 | 0 | |a dane |
| 610 | 2 | 0 | |a únik daňový |
| 100 | 1 | |a Kaselyová, Paulína, 1995- | |